|
|
|
|
| LEADER |
00000nam2a2200000 4500 |
| 001 |
253870 |
| 005 |
20231101232902.0 |
| 035 |
|
|
|a (RuTPU)RU\TPU\book\276285
|
| 090 |
|
|
|a 253870
|
| 100 |
|
|
|a 20140317d1989 k y0rusy50 ca
|
| 101 |
0 |
|
|a rus
|
| 102 |
|
|
|a RU
|
| 105 |
|
|
|a y z 100zy
|
| 200 |
0 |
|
|a Ч. I
|
| 210 |
|
|
|d 1989
|
| 215 |
|
|
|a 170 с.
|
| 461 |
|
1 |
|0 (RuTPU)RU\TPU\book\272084
|t Проблемы сольватации и комплексообразования в растворах
|o тезисы докладов IV Всесоюзного совещания, Иваново, 6-8 июня 1989 года
|f Академия наук СССР (АН СССР), Институт химии неводных растворов (ИХНР) ; Всесоюзное химическое общество им. Д. И. Менделеева (ВХО), Ивановское областное правление НТО
|v Ч. I
|d 1989
|
| 606 |
1 |
|
|a Комплексообразование в растворах
|2 stltpush
|3 (RuTPU)RU\TPU\subj\15028
|9 41326
|
| 606 |
1 |
|
|a Сольватация
|2 stltpush
|3 (RuTPU)RU\TPU\subj\70696
|9 84901
|
| 610 |
1 |
|
|a комплексные соединения
|
| 610 |
1 |
|
|a химические превращения
|
| 610 |
1 |
|
|a растворители
|
| 610 |
1 |
|
|a ионы
|
| 610 |
1 |
|
|a подвижность
|
| 610 |
1 |
|
|a комплексообразование
|
| 610 |
1 |
|
|a релаксация
|
| 610 |
1 |
|
|a совещания
|
| 675 |
|
|
|a 546-386-14(063)
|v 3
|
| 675 |
|
|
|a 544.353(063)
|v 3
|
| 801 |
|
1 |
|a RU
|b 63413507
|c 20140317
|
| 801 |
|
2 |
|a RU
|b 63413507
|c 20151204
|g RCR
|
| 942 |
|
|
|c BK
|